Missing Word: 1980s 'C' Song Endings Quiz Stats

 Plays Quiz Updated Feb 18, 2016

Challenge
Share
Tweet
Embed
Score 0/20 Timer 04:00
1 Play Today
Song Missing Word % Correct
We Built This _____City
94.2%
You've Got Another Thing _____Comin'
92.7%
True _____Colors
83.6%
Rock The _____Casbah
82.9%
Smooth _____Criminal
77.8%
Dancing On The _____Ceiling
77.1%
In A Big _____Country
74.8%
Don't Be _____Cruel
71.7%
Let's Go _____Crazy
69.4%
Coward Of The _____County
64.2%
Song Missing Word % Correct
Orange _____Crush
63.2%
Sister _____Christian
59.5%
Seasons _____Change
56%
Causing A _____Commotion
53.2%
Going Back To _____Cali
44.4%
Hell Is For _____Children
35.1%
While You See A _____Chance
26.5%
Holiday In _____Cambodia
23.3%
Guitars, _____Cadillacs
18.6%
Planet _____Claire
12.6%

Today's Daily Dose

Missing Word
Entertainment 'L'

Word Ladder
Fingers

Quick Pick
When in Rome

On This Day
December 15th II

You're not logged in!

Compare scores with friends on all Sporcle quizzes.
OR
Log In

You Might Also Like...

Show Comments

Extras

Top Quizzes Today


Score Distribution

Your Account Isn't Verified!

In order to create a playlist on Sporcle, you need to verify the email address you used during registration. Go to your Sporcle Settings to finish the process.

Report this User

Report this user for behavior that violates our Community Guidelines.

Details: